Italian Clubs by Major Domestic Honours - Statistics

General Stats
  • This quiz has been taken 28 times
  • The average score is 8 of 9
Answer Stats
CIF / Serie A Coppa Italia Supercoppa Italiana Answer % Correct
21 10 8 Internazionale Milano | ๐Ÿ†39
100%
36 15 9 Juventus | ๐Ÿ†60
100%
19 5 8 Milan | ๐Ÿ†32
100%
3 9 2 Roma | ๐Ÿ†14
92%
2 7 5 Lazio | ๐Ÿ†14
88%
4 6 3 Napoli | ๐Ÿ†13
88%
7 5 โ€• Torino | ๐Ÿ†12
75%
9 1 โ€• Genoa | ๐Ÿ†10
63%
7 3 โ€• Bologna | ๐Ÿ†10
58%
No matching quizzes found
Score Distribution
Percent of People with Each Score
Percentile by Number Answered
Your Score History
You have not taken this quiz